驻地最靠南的20个地级行政区 The 20 southernmost prefecture-level regions - Statistics

General Stats
  • This quiz has been taken 162 times
  • The average score is 15 of 20
Answer Stats
东经 北纬 县区 % Correct
109.51 18.25 三亚市
98%
110.35 21.27 湛江市
98%
112.33 16.83 三沙市
97%
110.20 20.05 海口市
97%
108.35 21.69 防城港市
92%
109.12 21.48 北海市
91%
114.05 22.55 深圳市
90%
108.65 21.98 钦州市
88%
110.92 21.67 茂名市
86%
113.57 22.27 珠海市
86%
109.58 19.52 儋州市
85%
113.08 22.58 江门市
78%
111.98 21.86 阳江市
77%
113.39 22.52 中山市
77%
108.36 22.82 南宁市
55%
107.36 22.38 崇左市
50%
110.18 22.66 玉林市
50%
100.80 22.01 西双版纳傣族自治州
46%
115.37 22.79 汕尾市
41%
100.97 22.83 普洱市
35%
No matching quizzes found
Score Distribution
Percent of People with Each Score
Percentile by Number Answered
Your Score History
You have not taken this quiz